000
00214 a2200097 4500
001
2773
100
_a
Hearley, M.J.G
245
_a
Modern Trigonometing
260
_a
_b
Thomas Nelson & Soms
_c
090
_c
2068
_d
2068
942
_a
NUST-CAE
_c
M
_c
11869
999
_c
237846
_d
237846